| 000 | 00484nam a2200181Ia 4500 | ||
|---|---|---|---|
| 003 | GCL | ||
| 008 | 140319s9999 xx 000 0 ara d | ||
| 040 |
_aGCL / _cGCL |
||
| 082 | 0 | 4 |
_a133.54 _bخ ا |
| 100 | 1 | _aخليل حنا تادرس | |
| 245 | 1 | 0 |
_aالابراج / _cخليل حنا تادرس |
| 260 |
_a[S.N] : _bدائرة الاعلام |
||
| 490 | _a | ||
| 650 | 0 | 4 | _aالتنجيم العربى |
| 650 | 0 | 4 | _aالابراج |
| 650 | 0 | 4 | _aالنجوم |
| 942 |
_2ddc _cBK |
||
| 999 |
_c53422 _d53422 |
||